Quizz o Kubanie - Statystyki

Ogólne statystyki
  • Ten quiz został rozwiązany 33 razy
    30 od ostatniego zresetowania
  • Średni wynik to 50 z 117
Statystyki odpowiedzi
Album/EP/Singiel Tytuł Gość % Poprawnych
Spokój Jak nie wrócę po północy Szpaku
83%
Fugazi (CD-2) Kyoto Zalia
83%
Myślisz jeszcze? 26-300 -
67%
Cozamixtape Chore jazdy -
67%
Spokój Dom -
67%
Myślisz jeszcze? Flatera -
67%
Spokój Magister sztuki -
67%
Fugazi (CD-1) Młody gandolfini -
67%
Myślisz jeszcze? | Spokój Outro -
67%
Spokój Rubinowe wino Hodak
67%
Fugazi (CD-2) Sam na świecie -
67%
Spokój After -
50%
Fugazi (CD-2) Budzi mnie wiatr Edyta Bartosiewicz
50%
Myślisz jeszcze? Było nie minęło -
50%
Fugazi (CD-2) Chcę ci powiedzieć Kora
50%
Myślisz jeszcze? Czego się boję -
50%
Myślisz jeszcze? Do zoba -
50%
Singiel Dystans -
50%
Myślisz jeszcze? Dzień dla siebie -
50%
Myślisz jeszcze? Ex -
50%
Fugazi (CD-2) Figle Vito Bambino
50%
Spokój Gdzieś wyjedźmy już -
50%
G-Guzior Hill bomb Kuban
50%
Fugazi (CD-1) Hooligan flex -
50%
Myślisz jeszcze? Jak gdyby nic -
50%
Myślisz jeszcze? Jak na ironię -
50%
Era 47-Oki Jeśli chciałbyś to możesz wpaść Kuban
50%
Groteska-Jan-Rapowanie Kalendarz Kuban
50%
Fugazi (CD-1) Koto freestyle -
50%
Ostatni ziomal -Żabson Lider Kuban
50%
Do EP for rest-Essex Mała mi Kuban
50%
Spokój Mój kumplu Żabson
50%
Myślisz jeszcze? Mój rap, mój interes -
50%
Fugazi (CD-2) Na bombę -
50%
Fugazi (CD-2) Nad ranem -
50%
Myślisz jeszcze? Nadzieja głupich -
50%
Fugazi (CD-1) Najlepszy dzień Oki
50%
Spokój Na okrągło -
50%
Fugazi (CD-1) Nie ma co Gibbs
50%
Myślisz jeszcze? Nie mów, że nie wiesz -
50%
Fugazi (CD-1) Nie tym razem -
50%
Fugazi (CD-2) Oddzwoń Natalia Szroeder
50%
Spokój Od serducha KęKę
50%
Spokój O świcie -
50%
Spokój Pamiętam siebie Bedoes 2115
50%
Fugazi (CD-2) Pewność Gibbs
50%
Fugazi (CD-1) Różnie to było Pezet
50%
Spokój Same zmartwienia Quebonafide
50%
Singiel Sami swoi Szpaku
50%
Fugazi (CD-1) Śmieszy już freestyle -
50%
Głodny Mixtape-DJ Pasza Ta dama Kuban
50%
Fugazi (CD-1) Tagi -
50%
Fugazi (CD-1) Tak niewiele brakowało Kukon
50%
Ezoteryka-Quebonafide Żadnych zmartwień Kuban Kuba Knap
50%
Fugazi (CD-2) Zanim spadnie deszcz Mrozu
50%
Myślisz jeszcze? Z tej samej gliny -
50%
Cozamixtape A jak -
33%
Nareszcie w domu-Kuqe 2115 Baletnica KubanEmi
33%
Cozamixtape Bez precedensu Kuba Knap Zetenwupe
33%
Spokój Bonus EP Bojack i sopranos Jan-Rapowanie
33%
Cozamixtape Brednie -
33%
Myślisz jeszcze? -Bonus Track Być sobą -
33%
Fugazi (CD-1) Chłopaki jak my Kizo
33%
Cozamixtape Chora impra -
33%
Singiel Chore zagrywki -
33%
Fugazi Bonus EP Dach -
33%
Fugazi Bonus EP Dawaj na kawę -
33%
Fugazi Bonus EP Day and night -
33%
Fugazi Bonus EP Dziś zostawisz mnie -
33%
Fugazi (CD-1) Fajnie mi z niczym -
33%
Singiel Hot 16 Challenge 2 -
33%
Myślisz jeszcze? Ich rap, a nasz rap -
33%
Fugazi Bonus EP Intro - Kanye -
33%
Cozamixtape Iron Man 2Sty
33%
Cozamixtape Jakoś tak wyszło -
33%
Młode wilki 2013 Jeden strzał -
33%
Spokój Bonus EP Jest świt -
33%
Spokój Bonus EP Kończy się noc -
33%
Myślisz jeszcze?-Bonus Track Lubią strzępić -
33%
Myślisz jeszcze? Mamy swoje za uszami -
33%
Fugazi Bonus EP M na pół -
33%
Cozamixtape Model życia -
33%
Cozamixtape Mówisz i masz -
33%
Cozamixtape Myślałby kto -
33%
Cozamixtape Na bank -
33%
Singiel Na późny wieczór.wmv -
33%
Młode wilki 2013 Nie ma jak Kuban
33%
Fugazi Bonus EP Nie mamy czasu na depreche -
33%
Spokój Bonus EP Nie miałem odwagi -
33%
Los-Smolasty Nie pierwszy raz Kuban
33%
Singiel Nie znałem cię -
33%
Singiel Noir -
33%
Singiel Plasteliny -
33%
Cozamixtape Poniedziałek KarwanWiciu
33%
Cozamixtape Pora na dragi -
33%
Singiel Sam ze sobą -
33%
Cozamixtape Sam ze sobą 2 -
33%
Singiel Stany w Polsce -
33%
Myślisz jeszcze? Stypa -
33%
Fugazi Bonus EP Terapia -
33%
Połączenia 2 Remix-Opał Toksyny Kuban Gibbs
33%
Track promujący trasę koncertową Tour of the year -
33%
Fugazi Bonus EP We mgle -
33%
Fugazi Bonus EP Widzisz? -
33%
Cozamixtape W moim świecie -
33%
Track promujący trasę koncertową Zamknij mordę tour -
33%
Myślisz jeszcze? Za młodu -
33%
Fugazi (CD-2) Zapomnę twoje dziary -
33%
Spokój Bonus EP Zielone Marlboro -
33%
Myślisz jeszcze?-Bonus Track Zszedł na psy -
33%
Cozamixtape DobZi Ludzie -
17%
Cozamixtape Hank Moody -
17%
White House Connection-White House Kładę ch*j Kuban
17%
Stej Flaj-2Sty Kula u nogi KubanVNM
17%
Nowa stara szkoła-The Returners Przepis na jutro Kuban
17%
Lecę, chwila, spadam-Kuba Knap Też chciałbym to wiedzieć Kuban
17%
Nie znaleziono quizów pasujących do podanych kryteriów
Rozkład punktacji
Procent ludzi z każdym wynikiem
Percentyl według liczby udzielonych odpowiedzi
Twoja historia wyników
Nie rozwiązałeś tego quizu od ostatniego zresetowania